| 000 | 00995nam a2200241 i 4500 | ||
|---|---|---|---|
| 001 | bg | ||
| 100 | 1 | _aGMYREK, Zbigniew | |
| 245 | 1 | 0 |
_aStraty mocy i modele numeryczne pola magnetycznego w blachach elektrotechnicznych o budowie domenowej w warunkach odkształconego strumienia / _cZbigniew Gmyrek. |
| 260 |
_aŁódź : _bWydaw. PŁ, _c2005. |
||
| 300 |
_a184 s. : _bwykr. ; _c24 cm. |
||
| 490 | 1 |
_aZeszyty Naukowe / Politechnika Łódzka. Rozprawy Naukowe, _x0137-4834 ; _vz. 347 |
|
| 500 | _aNumer serii gł.: 970. - Na s. red. odmienny tyt. serii : Zeszyty Naukowe Politechniki Łódzkiej. - Streszcz. ang. | ||
| 500 | _aZeszyty Naukowe Politechniki Łódzkiej. | ||
| 504 | _aBibliogr. s. 114-125. | ||
| 650 | 9 |
_aFerromagnetyki _xbadanie |
|
| 650 | 9 |
_aPole magnetyczne _xbadanie |
|
| 830 | 0 |
_aZeszyty Naukowe (Politechnika Łódzka). _pRozprawy Naukowe |
|
| 040 | _cBPK | ||
| 041 | 0 |
_apol _beng |
|
| 080 | _a537.6:621.318 | ||
| 942 | _cKS | ||
| 008 | s pl f |000 0 pol | ||
| 999 |
_c51544 _d51544 |
||
| 856 |
_uhttp://koha.tu.koszalin.pl/cgi-bin/koha/opac-detail.pl?biblionumber=51544 _yKatalog online BPK |
||